书目信息 |
| 题名: |
河北旅游便览
|
|
| 作者: | ;河北教育出版社 编 | |
| 分册: | ||
| 出版信息: | 石家庄 河北教育出版社 1989.7 |
|
| 页数: | 208页 | |
| 开本: | 19厘米 | |
| 丛书名: | ||
| 单 册: | ||
| 中图分类: | K928.922 , K928.7 | |
| 科图分类: | ||
| 主题词: | 名胜古迹--河北 , 导游--河北 | |
| 电子资源: | ||
| ISBN: | 7-5434-0406-0 | |
| 000 | 00752nam0 2200241 45 | |
| 001 | 0190014802 | |
| 005 | 20061120154458.26 | |
| 010 | @a7-5434-0406-0@dCNY2.35 | |
| 100 | @a19921223d1989 em y0chiy0121 ea | |
| 101 | 0 | @achi |
| 102 | @aCN@b130000 | |
| 105 | @afb z 000yy | |
| 200 | 10 | @a河北旅游便览@AHE BEI LU“ YOU BIAN LAN@f河北教育出版社编@FHE BEI JIAO YU CHU BAN SHE BIAN |
| 210 | @a石家庄@c河北教育出版社@d1989.7 | |
| 215 | @a208页@c彩照及地图@d19厘米 | |
| 540 | 1 | @a河北 旅游 便览@AHE BEI LU“ YOU BIAN LAN |
| 606 | @a名胜古迹@y河北 | |
| 606 | @a导游@y河北 | |
| 690 | @aK928.922@v三版 | |
| 690 | @aK928.7@v3 | |
| 711 | 02 | @a河北教育出版社@AHE BEI JIAO YU CHU BAN SHE@4编 |
| 801 | 0 | @aCN@bTSSF@c20061120 |
| 905 | @a10447@dK928.7@e160 | |
| 河北旅游便览/河北教育出版社编.-石家庄:河北教育出版社,1989.7 |
| 208页:彩照及地图;19厘米 |
| ISBN 7-5434-0406-0:CNY2.35 |
| ● |
| 相关链接 |
|
|
|
|
正题名:河北旅游便览
索取号:K928.7/160
 
预约/预借
| 序号 | 登录号 | 条形码 | 馆藏地/架位号 | 状态 | 备注 |
| 1 | 0227084 | 000080316 | 第二样本阅览室/ [索取号:K928.7/160] | 在馆 |